Campeões da Copa Libertadores da América - Statistics

Estatísticas Gerais
  • Esse quiz foi jogado 78 vezes
  • A pontuação média é 39 de 62
Estatísticas das Respostas
Temporada Campeão % Correto
2021 Palmeiras
100%
2020 Palmeiras
98%
2018 River Plate
98%
2012 Corinthians
96%
2019 Flamengo
96%
2017 Grêmio
96%
2013 Atlético-MG
93%
2015 River Plate
89%
2011 Santos
89%
2005 São Paulo
89%
2006 Internacional
88%
2016 Atlético Nacional
86%
2010 Internacional
86%
2014 San Lorenzo
86%
2007 Boca Juniors
82%
2000 Boca Juniors
80%
2009 Estudiantes
79%
1999 Palmeiras
77%
2003 Boca Juniors
75%
2008 LDU
75%
2004 Once Caldas
75%
1998 Vasco
75%
1981 Flamengo
73%
1962 Santos
73%
1963 Santos
71%
1960 Peñarol
68%
2001 Boca Juniors
66%
1993 São Paulo
66%
1992 São Paulo
66%
2002 Olimpia
64%
1961 Peñarol
64%
1997 Cruzeiro
63%
1994 Vélez Sarsfield
57%
1965 Independiente
55%
1983 Grêmio
54%
1972 Independiente
52%
1964 Independiente
52%
1995 Grêmio
50%
1974 Independiente
50%
1973 Independiente
50%
1996 River Plate
50%
1984 Independiente
48%
1975 Independiente
46%
1991 Colo-Colo
41%
1976 Cruzeiro
41%
1990 Olimpia
41%
1982 Peñarol
41%
1988 Nacional
39%
1985 Argentinos Juniors
38%
1977 Boca Juniors
38%
1970 Estudiantes
38%
1968 Estudiantes
38%
1980 Nacional
38%
1979 Olimpia
38%
1966 Peñarol
38%
1967 Racing
38%
1989 Atlético Nacional
36%
1978 Boca Juniors
36%
1969 Estudiantes
36%
1987 Peñarol
36%
1986 River Plate
36%
1971 Nacional
34%
Nenhum quiz correspondente encontrado
Distribuição das Pontuações
Porcentagem de Pessoas com Cada Pontuação
Percentil de Números Respondidos
Sua Pontuação Histórica
Você não jogou esse quiz